Southville International School and Colleges
Your cart is empty.
  • Cart
  • Lists
    Public lists Eva Luna New books Lux_list list_1
    Your lists Log in to create your own lists
  • Log in to your account
  • Your cookies
  • Search history
Southville International School and Colleges
  • Advanced search
  • Recent comments
  • Most popular
  • Libraries

Log in to your account

Log in with GOOGLE


If you do not have an external account, but do have a local account, you can still log in:

  1. Home
  2. MARC view: Trade draim imperative of technology transfer :
Normal view MARC view ISBD view

Trade draim imperative of technology transfer : (Record no. 6755)

[ view plain ]
MARC details
000 -LEADER
fixed length control field 00762nam a22002297a 4500
003 - CONTROL NUMBER IDENTIFIER
control field OSt
005 - DATE AND TIME OF LATEST TRANSACTION
control field 20140310181916.0
008 - FIXED-LENGTH DATA ELEMENTS--GENERAL INFORMATION
fixed length control field 130716t xxu||||| |||| 00| 0 eng d
020 ## - INTERNATIONAL STANDARD BOOK NUMBER
International Standard Book Number
050 ## - LIBRARY OF CONGRESS CALL NUMBER
Classification number HC 110
Item number .C435 1985
082 ## - DEWEY DECIMAL CLASSIFICATION NUMBER
Classification number TR 338.97
Item number C34 1985
100 ## - MAIN ENTRY--PERSONAL NAME
Personal name Chako, George Kuttickal
9 (RLIN) 924
245 ## - TITLE STATEMENT
Title Trade draim imperative of technology transfer :
Remainder of title US-taiwan concomitant colictions /
Statement of responsibility, etc George Chako.
260 ## - PUBLICATION, DISTRIBUTION, ETC. (IMPRINT)
Place of publication, distribution, etc Publisher Taiwan :
Name of publisher, distributor, etc Graduate School of Business Admin ,National Chengehe University ;
Date of publication, distribution, etc NJ, 1985.
300 ## - PHYSICAL DESCRIPTION
Extent XIX, 351 p., :
Other physical details ill. ;
Dimensions 24 cm.
521 ## - TARGET AUDIENCE NOTE
Target audience note
541 ## - IMMEDIATE SOURCE OF ACQUISITION NOTE
-- 1
562 ## - COPY AND VERSION IDENTIFICATION NOTE
Number of copies 1
650 ## - SUBJECT ADDED ENTRY--TOPICAL TERM
Topical term or geographic name as entry element Technology transfer
General subdivision U.S.
9 (RLIN) 925
650 ## - SUBJECT ADDED ENTRY--TOPICAL TERM
Topical term or geographic name as entry element Technology transfer
General subdivision taiwan
9 (RLIN) 926
942 ## - ADDED ENTRY ELEMENTS (KOHA)
Source of classification or shelving scheme Library of Congress Classification
Koha item type
Call number prefix
Holdings
Withdrawn status Lost status Source of classification or shelving scheme Damaged status Home library Current library Shelving location Date acquired Total Checkouts Full call number Barcode Date last seen Copy number Price effective from Koha item type
    Library of Congress Classification   Luxembourg Library Luxembourg Library Teachers Reference Section 07/16/2013   HC 110 .C435 1985 2330 08/13/2013 1 07/16/2013 Books

Trade draim imperative of technology transfer :

APA

Chako G. K., . (1985). Trade draim imperative of technology transfer. Publisher Taiwan: Graduate School of Business Admin ,National Chengehe University.

Chicago

Chako George Kuttickal, . 1985. Trade draim imperative of technology transfer. Publisher Taiwan: Graduate School of Business Admin ,National Chengehe University.

Harvard

Chako G. K., . (1985). Trade draim imperative of technology transfer. Publisher Taiwan: Graduate School of Business Admin ,National Chengehe University.

MLA

Chako George Kuttickal, . Trade draim imperative of technology transfer. Publisher Taiwan: Graduate School of Business Admin ,National Chengehe University. 1985.

  • Place hold
  • Print
  • Cite
  • Add to your cart (remove)
  • Save record
    BIBTEX Dublin Core MARCXML MARC (non-Unicode/MARC-8) MARC (Unicode/UTF-8) MARC (Unicode/UTF-8, Standard) MODS (XML) RIS
  • More searches
    Search for this title in:
    Other Libraries (WorldCat) Other Databases (Google Scholar) Online Stores (Bookfinder.com) Open Library (openlibrary.org)

Exporting to Dublin Core...

SOUTHVILLE LIBRARY

Southville International School and Colleges Library

1281 Tropical Ave. Cor. Luxembourg St., BF Homes International, Las Pinas City

Tel. No. 8256374 / 252358 Loc. 117/146

Powered by Koha